000 00228nam a22000857a 4500
008 160912b xxu||||| |||| 00| 0 eng d
100 _9398
_aGupta. A.D.etal
245 _aJunior Mathematics-1
260 _aNew Delhi
_bB.B Publishers
_c2011
999 _c3057
_d3057